000 00276nam a22001097a 4500
082 _a823
_bPAI/P
100 _aPAI, ANAND
245 _aPANCHATANTRA- BRAHMIN & GOAT
246 _aPANCHATANTRA- BRAHMIN & GOAT
_bPANCHATANTRA- BRAHMIN & GOAT
650 _aENGLISH STORY
942 _cBK
999 _c8781
_d8781